| 000 | 00905nam a22002897a 4500 | ||
|---|---|---|---|
| 003 | CHAP | ||
| 005 | 20220329135730.0 | ||
| 008 | 971013s r 00010 d | ||
| 010 | _a41254 | ||
| 011 | _a42226 | ||
| 035 | _a46354 | ||
| 040 | _cCHAP | ||
| 082 |
_a332.43 _bF65a |
||
| 110 |
_aFondo Monetario Internacional _942119 |
||
| 245 | _aAnnual report of the executive directors for the fiscal year 19 - . | ||
| 260 |
_aWashignton : _b(s.e.), _c19 - . |
||
| 300 | _av. | ||
| 500 | _aLa biblioteca tiene : 1962 | ||
| 590 |
_aBATCH-UPD _b10 _c20130109 _lUCH01 _h2354 |
||
| 590 |
_aBATCH-UPD _b10 _c20130409 _lUCH01 _h1927 |
||
| 590 |
_aBATCH-UPD _b10 _c20130914 _lUCH01 _h1113 |
||
| 590 |
_aCONVERSION _b10 _c20130109 _lUCH01 _h1323 |
||
| 650 | 1 | 4 |
_aCuestión monetaria _xAnuarios. _930123 |
| 901 | _aBK | ||
| 942 | _cLIBRO | ||
| 949 |
_a332.43 F65a _bBC _cLIBRO _d33724000345328 _eLIBRO _h31178 _i46354 _mD _si |
||
| 999 |
_c41254 _d41254 |
||